[Event "AUTO-BEG-200"]
[Site "http://www.queenalice.com/game.php?id=376776"]
[Date "2008.3.25"]
[Round "1"]
[White "Qxo2TwoTower"]
[Black "william_1987br"]
[Result "0-1"]
[WhiteElo "1299"]
[BlackElo "1344"]

1. g3 e5 2. f3 Bb4 3. c3 Bc5 4. e3 Nf6 5. e4 d5 6. d4 Bd6 7. exd5 Nxd5 8. Qa4+
c6 9. dxe5 Bxe5 10. f4 Nb6 11. Qe4 N8d7 12. fxe5 Nc5 13. Qe2 O-O 14. Nf3 Qd5 15.
Qe3 Bg4 16. Be2 Ne4 17. Nbd2 Nxd2 18. Bxd2 Nc4 19. Qd3 Nxb2 20. Qxd5 cxd5 21. h3
Bf5 22. Kf2 Be4 23. Rab1 Bxb1 24. Rxb1 Nc4 25. Rb5 Rad8 26. a4 Rfe8 27. Rxb7 a5
28. Bg5 Rb8 29. Re7 Rxe7 0-1

[Event "Qxo X Koke"]
[Site "http://www.queenalice.com/game.php?id=378977"]
[Date "2008.3.29"]
[Round "-"]
[White "Frost"]
[Black "Qxo2TwoTower"]
[Result "1-0"]
[WhiteElo "1443"]
[BlackElo "1295"]

1. e4 g6 2. e5 e6 3. d4 f5 4. f4 Qh4+ 5. g3 Qh5 6. Be2 Qh6 7. Be3 Bb4+ 8. c3 Ba5
9. b4 Bb6 10. h4 a5 11. a3 d6 12. bxa5 Bxa5 13. a4 b6 14. Bf3 d5 15. Be2 Bb7 16.
Qb3 c6 17. Nh3 Ba6 18. Ng5 Nd7 19. Nxe6 Bc4 20. Bxc4 dxc4 21. Qxc4 Rc8 22. Qa6
Ne7 23. Qa7 Nd5 24. Bd2 Qh5 25. Qb7 Ke7 26. c4 Qf3 27. Rf1 Qxg3+ 28. Rf2 Rb8 29.
Qxc6 Bb4 30. Qxd5 Bxd2+ 31. Nxd2 Qe3+ 32. Kf1 Qh3+ 33. Ke2 Qg4+ 34. Ke1 Qg1+ 35.
Rf1 Qe3+ 36. Kd1 Qb3+ 37. Nxb3 Rbc8 38. Qd6+ Ke8 39. c5 Rg8 40. cxb6 Rg7 41.
Nxg7+ Kf7 42. Qxd7+ Kg8 43. b7 Rf8 44. e6 h6 45. e7 Kf7 46. exf8=Q+ Kxf8 47.
b8=Q# 1-0

[Event "QXO X Kiko"]
[Site "http://www.queenalice.com/game.php?id=384729"]
[Date "2008.4.9"]
[Round "-"]
[White "Frost"]
[Black "Qxo2TwoTower"]
[Result "1-0"]
[WhiteElo "1472"]
[BlackElo "1320"]

1. e4 e5 2. Bc4 Nf6 3. Qf3 d5 4. exd5 e4 5. Qc3 Qe7 6. Ne2 Nfd7 7. d3 exd3 8.
cxd3 c5 9. Be3 Qh4 10. b4 Ne5 11. Qxe5+ Kd8 12. bxc5 Qf6 13. Qxf6+ gxf6 14. d6
Nd7 15. Bxf7 b6 16. Nf4 Nxc5 17. Bd5 Rb8 18. Nh5 Nxd3+ 19. Kd2 Ba6 20. Nxf6 Bxd6
21. a3 Be5 22. Bg5 Bxa1 23. Ng8+ Ke8 24. Bc6+ Kf8 25. Ne7 Rd8 26. Nd5 Rd6 27.
Be7+ Kf7 28. Bxd6 Rd8 29. Be7 Ne5 30. Bxd8 Nxc6 31. Bc7 Nd4 32. Nbc3 Nb3+ 33.
Kc2 Bc4 34. f4 Nd4+ 35. Kd2 Bb2 36. a4 b5 37. a5 Bxc3+ 38. Nxc3 b4 39. Ne4 Ke7
40. Ke3 Nc2+ 41. Kf2 Ba2 42. Bd6+ Kf7 43. Ng5+ Kf6 44. g4 Bd5 45. Rd1 b3 46.
Rxd5 b2 47. Be5+ Kg6 48. Rd6# 1-0

[Event "Kiko X Qxo"]
[Site "http://www.queenalice.com/game.php?id=384730"]
[Date "2008.4.9"]
[Round "-"]
[White "Qxo2TwoTower"]
[Black "Frost"]
[Result "0-1"]
[WhiteElo "1274"]
[BlackElo "1439"]

1. e4 e5 2. Nf3 Nc6 3. g4 h5 4. g5 h4 5. h3 Rh5 6. Nc3 f6 7. Bc4 Nge7 8. Nb5
fxg5 9. c3 a6 10. Qb3 d5 11. exd5 axb5 12. Qxb5 e4 13. Nd4 Ra5 14. Qb3 Ne5 15.
Qb4 Rxd5 16. Qa4+ Bd7 17. Ne6 Qc8 18. Nxg7+ Bxg7 19. Qb3 g4 20. Be2 Nf3+ 21. Kd1
g3 22. fxg3 hxg3 23. Bf1 e3 24. Ke2 exd2 25. Bxd2 Nxd2 26. Qc2 Bf5 27. Qa4+ c6
28. c4 Rd4 29. Rd1 Qe6# 0-1

[Event "Challenge"]
[Site "http://www.queenalice.com/game.php?id=391574"]
[Date "2008.4.22"]
[Round "-"]
[White "Drica"]
[Black "Qxo2TwoTower"]
[Result "0-1"]
[WhiteElo "1612"]
[BlackElo "1256"]

1. e4 g6 2. Qf3 Nc6 3. Bc4 Ne5 4. Qf4 Nxc4 5. e5 Bh6 6. Qxc4 d5 7. exd6 exd6 8.
b4 Be6 9. Qd4 f6 10. Nc3 Ne7 11. Qxf6 Rf8 12. Qxe6 Rf5 13. Bb2 Re5+ 14. Qxe5
dxe5 15. Nf3 c6 16. Nxe5 Qxd2+ 17. Kf1 Rd8 18. Rd1 Qxc2 19. Rxd8+ Kxd8 20. Nf7+
Kd7 21. Nxh6 Qxb2 22. Ne4 Qd4 23. Ke2 Qxe4+ 24. Kd1 Qb1+ 0-1

[Event "pede pra sair"]
[Site "http://www.queenalice.com/game.php?id=392146"]
[Date "2008.4.23"]
[Round "-"]
[White "Nascimento"]
[Black "Qxo2TwoTower"]
[Result "1-0"]
[WhiteElo "1429"]
[BlackElo "1339"]

1. e4 e5 2. Nf3 f6 3. d4 d6 4. d5 c5 5. Bb5+ Bd7 6. c4 a6 7. Bxd7+ Qxd7 8. Nc3
g6 9. h4 h5 10. Be3 Qg4 11. O-O Nh6 12. g3 f5 13. Ng5 f4 14. Qxg4 Nxg4 15. gxf4
Nd7 16. Ne6 Rc8 17. f5 gxf5 18. exf5 Rg8 19. Bg5 1-0

[Event "Stefanini Chess"]
[Site "http://www.queenalice.com/game.php?id=393252"]
[Date "2008.4.25"]
[Round "1"]
[White "Qxo2TwoTower"]
[Black "eriboli"]
[Result "1-0"]
[WhiteElo "1281"]
[BlackElo "1353"]

1. e3 e5 2. f3 d5 3. f4 Nc6 4. g3 Nf6 5. d4 Qd6 6. dxe5 Qb4+ 7. c3 Qe4 8. Nf3
Bg4 9. Bd3 Qxf3 10. Qxf3 Bxf3 11. Rf1 O-O-O 12. Nd2 Nxe5 13. fxe5 Ng4 14. Nxf3
Bc5 15. Bf5+ Kb8 16. Bxg4 d4 17. exd4 Be7 18. b3 Rd5 19. Ng5 c5 20. Nxf7 Re8 21.
Bf3 Rd7 22. e6 1-0

[Event "Stefanini Chess"]
[Site "http://www.queenalice.com/game.php?id=443753"]
[Date "2008.8.4"]
[Round "2"]
[White "Frost"]
[Black "Qxo2TwoTower"]
[Result "1-0"]
[WhiteElo "1514"]
[BlackElo "1304"]

1. e4 Nc6 2. d4 e5 3. d5 Nb4 4. c3 Na6 5. b4 b5 6. Bxb5 Qe7 7. Nh3 Nf6 8. f3 c5
9. dxc6 Rb8 10. a4 d6 11. Be3 d5 12. exd5 Qd8 13. c7+ Rxb5 14. cxd8=Q+ Kxd8 15.
axb5 Nxb4 16. d6 e4 17. Rxa7 Nd3+ 18. Ke2 1-0

[Event "AUTO-INT-1950"]
[Site "http://www.queenalice.com/game.php?id=898493"]
[Date "2011.2.10"]
[Round "1"]
[White "silverado"]
[Black "Qxo2TwoTower"]
[Result "1-0"]
[WhiteElo "1888"]
[BlackElo "1301"]

1. e4 e5 2. Bc4 Nf6 3. Nc3 Qe7 4. Qf3 c6 5. a3 b5 6. Ba2 a6 7. b4 a5 8. Bb2 axb4
9. axb4 Qxb4 10. Bxf7+ Kd8 11. Rxa8 Qxb2 12. Bb3 Be7 13. Ke2 b4 14. Na4 Ba6+ 15.
d3 Qc1 16. Rxb8+ Bc8 17. Bc4 Qxc2+ 18. Ke1 Qxa4 19. Kd2 Kc7 20. Rxc8+ Rxc8 21.
Ne2 Qa3 22. d4 Qb2+ 23. Ke3 exd4+ 24. Nxd4 Qc3+ 25. Bd3 Rf8 26. Qg3+ Bd6 27. e5
Nd5+ 28. Ke2 Nf4+ 29. Kd1 Qxd4 30. exd6+ Qxd6 31. Kc2 Qe5 32. Rd1 Qc3+ 33. Kb1
Qb3+ 34. Kc1 Qc3+ 35. Kb1 d6 36. Qe3 c5 37. Qe7+ Kc6 38. Be4+ d5 39. Bxd5+ Nxd5
40. Qe6+ Kb5 41. Qd7+ Kb6 42. Qd6+ Ka5 43. Rxd5 Qe1+ 44. Rd1 Rf6 45. Qxc5+ Ka4
46. Rxe1 Rxf2 47. Qxf2 b3 48. Re7 Kb4 49. Rc7 Ka4 50. Qb6 Ka3 51. Ra7# 1-0

[Event "AUTO-INT-1950"]
[Site "http://www.queenalice.com/game.php?id=898494"]
[Date "2011.2.10"]
[Round "1"]
[White "Qxo2TwoTower"]
[Black "silverado"]
[Result "0-1"]
[WhiteElo "1301"]
[BlackElo "1890"]

1. b3 e5 2. a3 d5 3. e3 e4 4. c4 c6 5. d4 b6 6. Nd2 Qg5 7. g3 Bg4 8. f4 exf3 9.
Ndxf3 Bxf3 10. Qxf3 Qg6 11. h4 dxc4 12. Bxc4 Ne7 13. h5 Qf6 14. Rh4 Qxf3 15.
Nxf3 Nf5 16. Re4+ Be7 17. Re5 Nxg3 18. d5 Kd7 19. Kf2 b5 20. dxc6+ Nxc6 21. Rd5+
Bd6 22. Ne5+ Nxe5 23. Bxb5+ Nc6 24. Bb2 Ne4+ 25. Ke1 f6 26. Rc1 Rac8 27. Rcd1
Ke7 28. Bd3 Ng3 29. e4 Ne5 30. Kf2 Ng4+ 31. Kf3 Nh6 32. e5 Bxe5 33. Bc1 Nxh5 34.
a4 Nf4 35. Ba3+ Ke6 36. Bc4 Nxd5 37. Bxd5+ Kf5 38. Rf1 g5 39. Ke3+ Kg6 40. Be4+
f5 41. Bd5 Rc3+ 42. Kd2 Rd8 43. Bb2 Rxd5+ 44. Ke2 Rc2+ 45. Kf3 Rd3# 0-1

[Event "AUTO-INT-1950"]
[Site "http://www.queenalice.com/game.php?id=898501"]
[Date "2011.2.10"]
[Round "1"]
[White "rrenato"]
[Black "Qxo2TwoTower"]
[Result "1-0"]
[WhiteElo "1526"]
[BlackElo "1301"]

1. e4 e5 2. Nf3 f6 3. Nc3 Bb4 4. d4 d5 5. Bd2 dxe4 6. Nxe4 a5 7. c3 Qd5 8. Nc5
Bxc5 9. dxc5 Bd7 10. Be3 Ne7 11. Bd3 Bg4 12. O-O c6 13. Be2 Nf5 14. Qxd5 cxd5
15. Rfd1 d4 16. cxd4 e4 17. Bb5+ Kd8 18. h3 h5 19. hxg4 hxg4 20. Nd2 g3 21. Nxe4
Rh4 22. Nxg3 Ne7 23. Re1 g5 24. Rad1 Nd7 25. d5 Nxc5 26. Bxc5 Rh7 27. d6 Nc6 28.
d7 Nb4 29. Bb6# 1-0

[Event "AUTO-INT-1950"]
[Site "http://www.queenalice.com/game.php?id=898502"]
[Date "2011.2.10"]
[Round "1"]
[White "Qxo2TwoTower"]
[Black "rrenato"]
[Result "0-1"]
[WhiteElo "1294"]
[BlackElo "1587"]

1. g3 e5 2. Bg2 Nf6 3. h3 d5 4. d3 Nc6 5. c3 Bd6 6. c4 d4 7. a3 Be6 8. Qa4 O-O
9. Bxc6 bxc6 10. Nd2 Bd7 11. f3 c5 12. Qc2 Nh5 13. Ne4 f6 14. b4 cxb4 15. c5 Be7
16. Qb3+ Kh8 17. axb4 f5 18. g4 fxg4 19. fxg4 Nf6 20. g5 Nxe4 21. dxe4 Bxg5 22.
Nf3 Bf6 23. h4 Bc6 24. Rg1 Bxe4 25. Bg5 Bxf3 26. exf3 h6 27. Qd3 hxg5 28. hxg5
Bxg5 29. Ke2 Bh6 30. Rh1 Qg5 31. Rxh6+ Qxh6 32. Rf1 Qh2+ 33. Ke1 Rae8 34. Rf2
Qh4 35. Qg6 e4 36. f4 e3 37. Qg2 exf2+ 38. Kf1 Rxf4 39. b5 Re1# 0-1